Principles of turbomachinery /
Guardado en:
| Autor Principal: | |
|---|---|
| Formato: | Libro |
| Idioma: | English |
| Publicado: |
New York :
Macmillan,
c1956.
|
| Materias: | |
| Etiquetas: |
Agregar Etiqueta
Sin Etiquetas, Sea el primero en etiquetar este registro!
|
| LEADER | 00638cam a22001935a 4500 | ||
|---|---|---|---|
| 001 | EIQ.libpla001783 | ||
| 008 | 800122s1956####nyua#####b####001#0#eng#d | ||
| 005 | 20061227193221.0 | ||
| 245 | 1 | 0 | |a Principles of turbomachinery / |c D.G. Shepherd. |
| 260 | |a New York : |b Macmillan, |c c1956. | ||
| 300 | |a 463 p. : |b il. ; |c 24 cm. | ||
| 504 | |a Incluye índice y referencias bibliográficas. | ||
| 100 | 1 | |a Shepherd, D.G. |q (Dennis G) | |
| 082 | |a 621.24 | ||
| 650 | 4 | |a Turbomáquinas |x Teoría. | |
| 650 | 4 | |a Turbomachines |x Theory. | |
| 010 | |a 56002849 | ||
| 040 | |a DLC |c WMenU |d OCoLC |d Uk |d DLC |d AR-BbSID | ||
| 859 | |a AR-BbSID |b BIB. PLAPIQUI |h 621.5 |i Sh 48 |p 3891 | ||
